Los obispos de Chile y la codifi cación canónica de 1917

The draft of the church’s first Code of Canon Law began in 1904 from a decision taken by Pope Pius X. Alongside, the Pope asked all bishops to suggest reforms that would be convenient to make to the existing canon law. That same year, chilean bishops sent an extensive report that excelled for its ex...

Full description

Saved in:  
Bibliographic Details
Main Author: Salinas Araneda, Carlos René (Author)
Format: Print Article
Language:Spanish
Check availability: HBZ Gateway
Interlibrary Loan:Interlibrary Loan for the Fachinformationsdienste (Specialized Information Services in Germany)
Published: [2017]
In: Teología y vida
Year: 2017, Volume: 58, Issue: 3, Pages: 301-337
IxTheo Classification:KAJ Church history 1914-; recent history
KBR Latin America
KDB Roman Catholic Church
RB Church office; congregation
SB Catholic Church law
Further subjects:B obispos de Chile
B Canon Law
B postulate episcopor
B Chilean bishops
B postulata episcoporum
B Code of Canon Law 1917
B Código de Derecho Canónico de 1917
B Derecho Canónico

MARC

LEADER 00000caa a22000002c 4500
001 1640500170
003 DE-627
005 20180227131447.0
007 tu
008 180123s2017 xx ||||| 00| ||spa c
035 |a (DE-627)1640500170 
035 |a (DE-576)497541513 
035 |a (DE-599)BSZ497541513 
040 |a DE-627  |b ger  |c DE-627  |e rda 
041 |a spa 
084 |a 1  |2 ssgn 
100 1 |e VerfasserIn  |0 (DE-588)1056702818  |0 (DE-627)794941494  |0 (DE-576)182205800  |4 aut  |a Salinas Araneda, Carlos René 
109 |a Salinas Araneda, Carlos René  |a Salinas Araneda, Carlos  |a Salinas, Carlos  |a Araneda, Carlos René Araneda  |a Salinas-Araneda, Carlos 
245 1 4 |a Los obispos de Chile y la codifi cación canónica de 1917  |c Carlos Salinas-Araneda 
264 1 |c [2017] 
336 |a Text  |b txt  |2 rdacontent 
337 |a ohne Hilfsmittel zu benutzen  |b n  |2 rdamedia 
338 |a Band  |b nc  |2 rdacarrier 
520 |a The draft of the church’s first Code of Canon Law began in 1904 from a decision taken by Pope Pius X. Alongside, the Pope asked all bishops to suggest reforms that would be convenient to make to the existing canon law. That same year, chilean bishops sent an extensive report that excelled for its extension and quality among the ones sent by Latin American episco- pates. Are presented the reform suggestions sent from Chile to the process that led to the enactement of the Code of Canon Law one century ago, at the feast of Pentecost of 1917. A fi rst valuation is done. 
650 4 |a Chilean bishops 
650 4 |a Code of Canon Law 1917 
650 4 |a Código de Derecho Canónico de 1917 
650 4 |a Derecho Canónico 
650 4 |a obispos de Chile 
650 4 |a Canon Law 
650 4 |a postulata episcoporum 
650 4 |a postulate episcopor 
652 |a KAJ:KBR:KDB:RB:SB 
773 0 8 |i Enthalten in  |t Teología y vida  |d Santiago de Chile : Fac., 1960  |g 58(2017), 3, Seite 301-337  |w (DE-627)166764108  |w (DE-600)303047-7  |w (DE-576)015202569  |x 0049-3449  |7 nnas 
773 1 8 |g volume:58  |g year:2017  |g number:3  |g pages:301-337 
776 1 |o 10.4067/s0049-34492017000300301 
951 |a AR 
CAN |a 1 
ELC |b 1 
ITA |a 1  |t 1 
LOK |0 000 xxxxxcx a22 zn 4500 
LOK |0 001 3302290438 
LOK |0 003 DE-627 
LOK |0 004 1640500170 
LOK |0 005 20180227131447 
LOK |0 008 180123||||||||||||||||ger||||||| 
LOK |0 040   |a DE-Tue135  |c DE-627  |d DE-Tue135 
LOK |0 092   |o n 
LOK |0 852   |a DE-Tue135 
LOK |0 852 1  |9 00 
LOK |0 935   |a ixzs  |a ixzo 
LOK |0 936ln  |0 1442049278  |a KBR 
LOK |0 936ln  |0 1442049839  |a KDB 
LOK |0 936ln  |0 144205302X  |a RB 
LOK |0 936ln  |0 1442053313  |a SB 
LOK |0 936ln  |0 1442044640  |a KAJ 
LOK |0 939   |a 23-01-18  |b l01 
ORI |a SA-MARC-ixtheoa001.raw 
SUB |a CAN